000 00737nam a2200205Ii 4500
003 JO-AjNU
008 230605s9999||||xx |||||||||||||| ||und||
017 _a2007/4/1296
040 _aJO-AjNU
_bara
_erda
_cJO-AjNU
041 _aara
050 1 4 _aLB1028.43.N3296 2008
100 3 _aنبهان،يحيى محمد,
_eauthor
_929648
245 0 0 _aإستخدام الحاسوب في التعليم
264 3 1 _aعمان:دار اليازوري العلمية،2008
300 _a186ص
336 _atext
_btxt
_2rdacontent
337 _aunmediated
_bn
_2rdamedia
338 _avolume
_bnc
_2rdacarrier
650 4 _aتكنولوجيا التعليم-الوسائل التعليمية. التعليم-معالجة بيانات.
_929649
999 _aA11656
_c15224
_d15224